000 00357nam a2200145 i 4500
001 bg
100 1 _aPAROL, A.
245 0 _aLaboratorium obróbki skrawaniem i obrabiarek /
_cA. Parol, K. Zaleski. Cz.1.
260 _aLublin,
_c190.
700 1 _aZALESKI, K.
040 _cBPK
041 _apol
942 _cKS
008 s pl f |000 0 pol
999 _c4470
_d4470
856 _uhttp://koha.tu.koszalin.pl/cgi-bin/koha/opac-detail.pl?biblionumber=4470
_yKatalog online BPK